ბათუმის შოთა რუსთაველის სახელმწიფო უნივერსიტეტის ბიბლიოთეკა

Практикум по основам сельского хозяйства (ბიბ.ჩანაწერი № 35617)

000 -LEADER
fixed length control field 00734nam a2200229Ia 4500
001 - CONTROL NUMBER
control field 1483
003 - CONTROL NUMBER IDENTIFIER
control field GE_BSU
008 - FIXED-LENGTH DATA ELEMENTS--GENERAL INFORMATION
fixed length control field 181216s||||||||xx |||||||||||||| ||und||
040 ## - CATALOGING SOURCE
Transcribing agency GE_BSU
080 ## - UNIVERSAL DECIMAL CLASSIFICATION NUMBER
Universal Decimal Classification number 63(075.8)
100 ## - MAIN ENTRY--PERSONAL NAME
Personal name Ващенко,И.М. Ланге,К.П. Меркулов,М.П.
245 ## - TITLE STATEMENT
Title Практикум по основам сельского хозяйства
245 ## - TITLE STATEMENT
Remainder of title Для студ. пед. ин-тов
245 ## - TITLE STATEMENT
Statement of responsibility, etc. Под ред.И.М.Ващенко
260 ## - PUBLICATION, DISTRIBUTION, ETC.
Place of publication, distribution, etc. Москва
260 ## - PUBLICATION, DISTRIBUTION, ETC.
Name of publisher, distributor, etc. ,,Просвещение
260 ## - PUBLICATION, DISTRIBUTION, ETC.
Date of publication, distribution, etc. 1982
300 ## - PHYSICAL DESCRIPTION
Extent 400стр. 21см.
653 ## - INDEX TERM--UNCONTROLLED
Uncontrolled term Практикум по основам сельского хозяйства
942 ## - ADDED ENTRY ELEMENTS (KOHA)
Koha item type წიგნი
ეგზემპლარები
Withdrawn status Lost status Damaged status Not for loan Date acquired Barcode Date last seen Price effective from Koha item type
        2018-12-17 2886 2018-12-17 2018-12-17 წიგნი